000 00716 a2200241 4500
001 21182
999 _c21182
_d7860
003 TR-AnTOB
005 20210419140414.0
008 041215s2000 tu tur
020 _a9756663219
041 _atur
050 _aJX1962.A2
_bL5319 2000
090 _aJX1962.A2 L5319 2000
100 _aLierberman, Mark
_914200
245 0 _aSilahsız askerler :
_bAmerikan tarihinde pasivizm /
_cMark Lierberman ; çev. Ebru Yetiş.
264 1 _aİstanbul :
_bÇitlembik Yayınları,
_c2000
300 _a100 p. :
_bill. 21 cm.
490 0 _aÇitlembik Yayınları; 22
500 _aIncludes bibliographies and index.
650 7 _aBarışseverler
_vBiyografi
_2etuturkob
_914201
902 _a0008430
942 _cBK